000
00296nam a2200097Ia 4500
082
_a
158 FAIR
245
0
_a
The Madiba mindset : your own Freedom Charter
100
_a
Fairhead, Tyrrel Auckland Park, South Africa, 2011
_9
42045
942
_c
BK
008
210817s9999 xx 000 0 und d
999
_c
143282
_d
143281